| 000 | 00525nam a2200169 4500 | ||
|---|---|---|---|
| 001 | 116617 | ||
| 003 | ES-MaACL | ||
| 005 | 20230906190734.0 | ||
| 007 | t| | ||
| 008 | 061121s1977 sp r ||||1| spa d | ||
| 245 | 0 | 0 |
_aPartido Socialista Obrero Español en sus documentos _b: 1879-1977 / _cHermandad Obrera de Acción Católica. |
| 250 | _a[1ª ed.]. | ||
| 260 |
_aMadrid : _bHOAC, _c1977. |
||
| 300 |
_a279 p. ; _c16 cm. |
||
| 710 | 2 |
_aHermandad Obrera de Acción Católica. _94569 |
|
| 852 |
_aES-MaACL _jA-7300 _bR.96074 |
||
| 999 |
_c116617 _d116617 |
||